=LDR 00000nam 2200000 4500 =001 NUTBA000000000002758 =005 20140627104253.0 =006 =007 =008 =020 ##$$a 979-9314-31-3 =035 ##$$a 0010-061400000000701 =040 ##$$a NBPDMAT =082 ##$$a 635.95 =090 ##$$a 635.95 $b Unu t =100 ##$$a Unus Sunawinia =245 ##$$a Tanaman bernilai magis / oleh Unus Suriawiria ; penyunting, Ramses Abhak =260 ##$$a Jakarta : $b Papas Sinar Sinante, $c 2009 =300 ##$$a 84 hlm. : $b ilus. ; $c 21 cm. =650 ##$$a Tanaman =990 ##$$a 21402227